Industrielle Produktionswirtschaft
Salvato in:
| Autore principale: | |
|---|---|
| Natura: | Libro |
| Lingua: | tedesco |
| Pubblicazione: |
Stuttgart
Poeschel
1992
|
| Edizione: | 5. durchges. und aktualisierte Aufl. |
| Serie: | Sammlung Poeschel
5 |
| Soggetti: | |
| Tags: |
Nessun Tag, puoi essere il primo ad aggiungerne!!
|
MARC
| LEADER | 00000nam a2200000 4500 | ||
|---|---|---|---|
| 001 | c003539 | ||
| 005 | 20221206084736.0 | ||
| 020 | |a 3-7910-9183-2 | ||
| 041 | 0 | |a ger | |
| 044 | |a DE | ||
| 245 | 1 | 0 | |a Industrielle Produktionswirtschaft |c Werner Kern |
| 250 | |a 5. durchges. und aktualisierte Aufl. | ||
| 264 | 1 | |a Stuttgart |b Poeschel |c 1992 | |
| 300 | |a 403 s. | ||
| 490 | 1 | |a Sammlung Poeschel |v 5 | |
| 830 | 0 | |a Sammlung Poeschel |v 5 | |
| 610 | 2 | 0 | |a výroba priemyselná |
| 610 | 2 | 0 | |a odvetvia priemyselné |
| 610 | 2 | 0 | |a priemysel |
| 610 | 2 | 0 | |a podnik priemyselný |
| 610 | 2 | 0 | |a politika priemyselná |
| 610 | 2 | 0 | |a výrobky priemyselné |
| 610 | 2 | 0 | |a programy výrobné |
| 610 | 2 | 0 | |a sortiment výroby |
| 610 | 2 | 0 | |a riadenie výroby |
| 610 | 2 | 0 | |a proces výrobný |
| 100 | 1 | |a Kern, Werner | |